US States - Tile Selection - Statistics

General Stats
  • This quiz has been taken 10 times
  • The average score is 29 of 45
Answer Stats
Question Tile Select % Correct
Florida No
100%
Florida No
100%
Florida No
100%
New York Yes
100%
New York No
100%
New York No
100%
Washington No
100%
California Yes
100%
Florida No
86%
New York No
86%
New York Yes
86%
New York No
86%
Washington Yes
86%
Hawaii No
86%
California No
86%
California No
86%
California No
86%
Florida Yes
71%
Florida Yes
71%
Florida Yes
71%
New York Yes
71%
New York Yes
71%
Washington Yes
71%
Washington No
71%
Washington No
71%
Hawaii No
71%
Hawaii Yes
71%
Florida Yes
57%
Washington No
57%
Hawaii No
57%
California No
57%
Washington Yes
43%
Hawaii Yes
43%
Hawaii Yes
43%
California Yes
43%
California Yes
43%
California Yes
43%
Florida Yes
29%
Hawaii Yes
29%
Hawaii No
29%
California Yes
29%
New York Yes
14%
Washington Yes
0%
Washington Yes
0%
Hawaii Yes
0%
No matching quizzes found
Score Distribution
Percent of People with Each Score
Percentile by Number Answered
Your Score History
You have not taken this quiz